Consumer education in finance
Formy spotrebiteľského vzdelávania v oblasti financií pre stredoškolských študentov. Prehľad študijných programov o financiách spotrebiteľa na University of Georgia.
Gespeichert in:
| 1. Verfasser: | |
|---|---|
| Weitere Verfasser: | |
| Format: | Buchkapitel |
| Sprache: | Englisch |
| Schlagworte: | |
| Tags: |
Keine Tags, Fügen Sie das erste Tag hinzu!
|
MARC
| LEADER | 00000naa a2200000 4500 | ||
|---|---|---|---|
| 001 | 0217082 | ||
| 005 | 20240502073617.4 | ||
| 041 | 0 | |a eng | |
| 044 | |a SK | ||
| 245 | 1 | 0 | |a Consumer education in finance |c Ľubica Sabadošová, Vojtech Kollár |
| 520 | |a Formy spotrebiteľského vzdelávania v oblasti financií pre stredoškolských študentov. Prehľad študijných programov o financiách spotrebiteľa na University of Georgia. | ||
| 610 | 2 | 0 | |a ochrana spotrebiteľa |
| 610 | 2 | 0 | |a financie |
| 610 | 2 | 0 | |a vzdelanie |
| 610 | 2 | 0 | |a vzdelávanie elektronické |
| 100 | 1 | |a Sabadošová, Ľubica, 1976- | |
| 700 | 1 | |a Kollár, Vojtech | |